| 000 | 00631nas a2200229 4500 | ||
|---|---|---|---|
| 001 | BR5700190 | ||
| 003 | BR-BrBNA | ||
| 005 | 20231205082011.0 | ||
| 007 | ta | ||
| 008 | 230509b bl.|||p| |||| 00| 00por d | ||
| 040 |
_aBR-BrBNA _bpor _cBiblioteca Nacional de Agricultura |
||
| 041 | _a(Pt) | ||
| 072 | _aL70; L73 | ||
| 100 | 1 | _aBauer, A.G. | |
| 245 | 1 | _aA vacina Anti-rabica causa acidentes pos-vacinais em cao | |
| 650 | _aVACINA | ||
| 650 | _aRAIVA | ||
| 650 | _aCAO | ||
| 773 | 0 |
_tDIPAN (Brazil) _x _g(Nov-Dec 1957), v. 10(112-113) p. 38-40 _wBR5700190 |
|
| 909 |
_a202311 _bLúcia _c55 _dLúcia Elande |
||
| 942 |
_2AGRIS _n0 _cANA |
||
| 999 |
_c88452 _d88452 |
||